Cinq dernières capitales par ordre alphabétique par continent - Statistiques

Statistiques générales
  • Ce quiz a été pris 48 fois
  • Le résultat moyen est 19 sur 30
Statistiques - réponses
Continent Capitales % Correct
Zagreb
95%
Washington
91%
Vatican
88%
Wellington
86%
Quito
77%
Santiago
77%
Vilnius
77%
Montevideo
74%
Tokyo
72%
Europe Varsovie
70%
Yamoussoukro
70%
Amérique du Sud Lima
67%
Vienne
67%
Téhéran
63%
Yaoundé
63%
Yaren
58%
Paramaribo
56%
Amérique du Nord Saint-Domingue
56%
Tegucigalpa
56%
Afrique Tunis
56%
Vientiane
56%
Windhoek
56%
San José
53%
San Salvador
53%
Suva
53%
Thimphou
51%
Tarawa-Sud
49%
Victoria
49%
Asie Tbilissi
47%
Océanie Port-Vila
42%
Aucun quiz correspondant
Distribution des résultats
% des personnes avec chaque résultat
Percentile par nombre de réponses
Votre historique - résultats
Vous n’avez pas pris ce quiz